| 000 | 00445nam a2200181Ia 4500 | ||
|---|---|---|---|
| 005 | 20240823023057.0 | ||
| 008 | 240823s9999||||xx |||||||||||||| ||und|| | ||
| 041 | _aENGLISH | ||
| 082 | _A660.6 P8 | ||
| 100 | _aNICE | ||
| 245 | 0 | _aProceeding Of Conference on Advances in Biotechnology and Molecular Medicine | |
| 250 | _a1st | ||
| 260 |
_c2008 _b#VALUE! |
||
| 500 | _aYES | ||
| 650 |
_aMedicine _bGeneral |
||
| 942 | _cBK | ||
| 999 |
_c180686 _d180686 |
||